Statistics for TOP 15 NFL PLAYERS #1

Click here to take the quiz!

General Stats

  • This quiz has been taken 262 times
  • The average score is 6 of 15

Answer Stats

HintAnswer% Correct
QBTom Brady
98%
QBJoe Montana
68%
WRJerry Rice
66%
HBBarry Sanders
57%
WRRandy Moss
57%
HBEmmitt Smith
49%
TERob Gronkowski
46%
QBDan Marino
40%
QBJohnny Unitas
36%
HBLaDanian Tomlinson
27%
QBTerry Bradshaw
26%
HBBo Jackson
23%
QBOtto Graham
23%
WRMichael Irvin
20%
WRLynn Swann
13%

Score Distribution

Percentile by Number Answered

Percent of People with Each Score

Your Score History

You have not taken this quiz